| 000 | 00761nam a2200253Ia 4500 | ||
|---|---|---|---|
| 003 | OSt | ||
| 005 | 20220923223630.0 | ||
| 006 | a|||||r|||| 00| 0 | ||
| 007 | ta | ||
| 008 | 220922b |||||||| |||| 00| 0 hin d | ||
| 024 | _a219,220 | ||
| 037 | _cTextual | ||
| 040 |
_aARTS _cARTS _bhin |
||
| 041 |
_2hin _ahin |
||
| 082 | _aO152,3N458,LJ, P2 | ||
| 100 | _aरमा सिंह | ||
| 245 | 0 | _aलौट जाओ हैरी | |
| 246 | _aLauṭ jāo hairī | ||
| 260 |
_aदिल्ली _b प्रकाशन संस्थान _c2002 |
||
| 300 |
_a160i` _ccm. |
||
| 650 |
_aहिन्दी साहित्य _9156264 |
||
| 942 |
_hO152,3N458,LJ, P2 _cTEXL _2CC |
||
| 999 |
_c366514 _d366514 |
||